[Event "Manizales Castro Memorial"]
[Site "Manizales"]
[Date "2015.12.19"]
[Round "4"]
[White "Marin Ortiz, Orlando"]
[Black "Rodriguez Suarez, Juan Pablo"]
[Result "1/2-1/2"]
[WhiteElo "1951"]
[BlackElo "1399"]
[PlyCount "94"]
[EventDate "2015.12.17"]
[EventType "swiss"]
[EventRounds "7"]
[EventCountry "COL"]
[SourceTitle "CBM 170 Extra"]
[Source "ChessBase"]
[SourceDate "2016.02.25"]
[SourceVersion "1"]
[SourceVersionDate "2016.02.25"]
[SourceQuality "1"]

1. e4 e6 2. d4 d5 3. exd5 Qxd5 4. Nf3 Nc6 5. g3 g6 6. Bg2 Bg7 7. Nc3 Qd7 8. Be3 Nge7 9. Ne4 b6 10. c3 Nf5 11. Bg5 Bb7 12. Bf6 Na5 13. Nfg5 0-0 14. Bxg7 Kxg7 15. 0-0 h6 16. Nh3 Ne7 17. b4 Nc4 18. Re1 Rad8 19. Qc2 Nd6 20. Nf4 Nxe4 21. Bxe4 Bxe4 22. Qxe4 Nd5 23. Qe5+ Kh7 24. Nxd5 Qxd5 25. Qxd5 Rxd5 26. a4 c5 27. bxc5 bxc5 28. dxc5 Rxc5 29. Rab1 Rc4 30. Rb7 Rxa4 31. Rxe6 Rc4 32. Rxa7 Rxc3 33. Kg2 Kg8 34. Ree7 Rcc8 35. g4 Rce8 36. Reb7 Rb8 37. h4 Rxb7 38. Rxb7 f5 39. g5 h5 40. f4 Rd8 41. Kf3 Rd3+ 42. Kg2 Rd8 43. Re7 Rd4 44. Kf3 Rd3+ 45. Re3 Rd2 46. Re2 Rd3+ 47. Re3 Rd2 1/2-1/2